Pocket world in figures. (Record no. 161710)

MARC details
000 -LEADER
fixed length control field 01016cas a2200289 a 4500
008 - FIXED-LENGTH DATA ELEMENTS--GENERAL INFORMATION
fixed length control field
049 ## - LOCAL HOLDINGS (OCLC)
Holding library MAIN
090 0# - LOCALLY ASSIGNED LC-TYPE CALL NUMBER (OCLC); LOCAL CALL NUMBER (RLIN)
Classification number (OCLC) (R) ; Classification number, CALL (RLIN) (NR) REF HA155
003 - CONTROL NUMBER IDENTIFIER
control field
005 - DATE AND TIME OF LATEST TRANSACTION
control field 20230123134209.0
040 ## - CATALOGING SOURCE
Transcribing agency NUST
245 00 - TITLE STATEMENT
Title Pocket world in figures.
260 ## - PUBLICATION, DISTRIBUTION, ETC.
Place of publication, distribution, etc. London, England :
Name of publisher, distributor, etc. Penguin Group ,
300 ## - PHYSICAL DESCRIPTION
Extent v. ;
Dimensions 20 cm.
500 ## - GENERAL NOTE
General note At head of title: The Economist.
500 ## - GENERAL NOTE
General note Published: New York, N.Y. : John Wiley & Sons, Inc., 1998- ; London : Economist in association with Profile Books, <2002->
500 ## - GENERAL NOTE
General note Description based on: 1998 ed.
500 ## - GENERAL NOTE
General note Latest issue consulted: 2003 ed.
650 #0 - SUBJECT ADDED ENTRY--TOPICAL TERM
Topical term or geographic name entry element Statistics
Form subdivision Periodicals.
650 #0 - SUBJECT ADDED ENTRY--TOPICAL TERM
Topical term or geographic name entry element Economic indicators
Form subdivision Periodicals.
650 #0 - SUBJECT ADDED ENTRY--TOPICAL TERM
Topical term or geographic name entry element Social indicators
Form subdivision Periodicals.
650 #0 - SUBJECT ADDED ENTRY--TOPICAL TERM
Topical term or geographic name entry element Population
Form subdivision Statistics
-- Periodicals.
650 #0 - SUBJECT ADDED ENTRY--TOPICAL TERM
Topical term or geographic name entry element Quality of life
Form subdivision Statistics
-- Periodicals.
730 0# - ADDED ENTRY--UNIFORM TITLE
Uniform title Economist (London, England : 1843)
907 ## - LOCAL DATA ELEMENT G, LDG (RLIN)
a .b10199809
b 15-01-07
c 27-04-06
942 ## - ADDED ENTRY ELEMENTS (KOHA)
Koha item type Ordinary Loan Books
Call number prefix REF HA155
Holdings
Date last seen Total Checkouts Full call number Barcode Cost, replacement price Price effective from Koha item type Lost status Source of classification or shelving scheme Damaged status Not for loan Collection Withdrawn status Home library Current library Shelving location Date acquired Cost, normal purchase price
01/23/2023   REF HA155 POC 92003021660 80.00 01/23/2023 BOOKS   LCC     NFIC   MAIN MAIN GEN 01/23/2023 80.00